| 000 | 00736nam a2200301Ia 4500 | ||
|---|---|---|---|
| 008 | 181129s9999 xx 000 0 und d | ||
| 020 | _a9780545208857 | ||
| 050 | _bK463 2010 | ||
| 100 | _aKibuishi, Kazu | ||
| 245 | 4 | _aThe cloud searchers / | |
| 245 | 0 | _cby Kazu Kibuishi. | |
| 260 | _aNew York, NY : | ||
| 260 | _bScholastic, | ||
| 260 | _c2010 | ||
| 300 | _a197 pages : | ||
| 300 | _bcolor illustrations ; | ||
| 300 | _c23cm. | ||
| 440 | _aAmulet ; | ||
| 440 | _v3 | ||
| 500 | _a380L | ||
| 650 | _aComic books, strips, etc -- United States. | ||
| 650 | _aHaunted houses. | ||
| 650 | _aMagic. | ||
| 650 | _aSupernatural -- | ||
| 650 | _xComic books, strips, etc. | ||
| 700 | _aSeries. | ||
| 700 | _aTitle. | ||
| 999 |
_c360096 _d360096 |
||